| 000 | 00489cam a22001695a 4500 | ||
|---|---|---|---|
| 040 | _cPUL | ||
| 082 | _a300 ADI 1993 A018 Or. | ||
| 245 | 0 | 0 |
_aCahiers des sciences humaines. _bhors série / |
| 246 | 3 | 0 | _aTrente ans |
| 260 |
_aParis : _bEditions de l'ORSTOM, _c1993. |
||
| 300 |
_a195 p. ; _c24 cm. |
||
| 500 | _aIncludes a table and index to the serial for the years 1963-1992. | ||
| 650 | 0 | _aHuman geography | |
| 700 | 1 | _aBoutillier, J. L. | |
| 700 | 1 | _aGoudineau, Yves. | |
| 942 | _cFB | ||
| 999 |
_c12100 _d12100 |
||